000 01396cam a2200361 i 4500
001 25166
003 Mx-PuUPA
005 20251007092016.0
008 140415s2020 mx a gr 001 0 spa d
020 _cen trámite
040 _cMx-PuUPA
_aMx-PuUPA
_bspa
_dMx-PuUPA
_erda
041 0 _aspa
043 _2mx-mxbn
_bn-mx-pu
110 1 _aGobierno del Estado de Puebla / Secretaría de Cultura,
_917423
_eautor
245 1 0 _a50 joyas de Museos Puebla /
_cGobierno de Puebla, autor ; John O'leary, Bob Schalkwijk y Carlos Varillas, fotografías
246 1 3 _aCincuenta joyas de Museos Puebla
250 _aPrimera edición
264 1 _aPuebla, Pue. México :
_bMuseos Puebla,
_c2020
300 _a127 páginas :
_bilustraciones ;
_c28 cm
336 _2rdacontent
_atexto
_btxt
337 _2rdamedia
_asin medio
_bn
338 _2rdacarrier
_avolumen
_bnc
650 7 _2armarc
_aArte mexicano
_xHistoria
650 7 _2armarc
_aMuseos de arte
_zPuebla (México)
_xHistoria
_vExposiciones
650 7 _2armarc
_aMuseos de arte
_xCuraduría
_zPuebla
_zMéxico
_xHistoria
700 1 _aO'leary, John,
_efotógrafo
700 1 _aSchalkwijk, Bob,
_efotógrafo
700 1 _aVarillas, Carlos,
_efotógrafo
942 _2ddc
_cLI
_h709.7248
_iC57
999 _c25166
_d25166